Sports Quiz

Random Sports or MLB Quiz
Score 0/28 Timer 08:00
0 Plays Today
Old Team Name (Year) Current Team Name % Correct
San Diego Chargers (2017)Los Angeles Chargers
94.1%
Seattle Supersonics (2008)Oklahoma City Thunder
88.8%
Montreal Expos (2005)Washington Nationals
87.4%
Houston Oilers (1997)Tennessee Titans
84.6%
St. Louis Rams (2016)Los Angeles Rams
82.6%
New Orleans Jazz (1977)Utah Jazz
75.8%
Kansas City Kings (1985)Sacramento Kings
67.5%
Atlanta Thrashers (2011)Winnipeg Jets
67.2%
Brooklyn Dodgers (1958)Los Angeles Dodgers
66.1%
Minneapolis Lakers (1960)Los Angeles Lakers
63.4%
Minnesota North Stars (1993)Dallas Stars
62.3%
New York Giants (1958)San Francisco Giants
61.6%
Boston Redskins (1937)Washington Redskins
59.5%
Baltimore Bullets (1973)Washington Wizards
57.8%
Old Team Name (Year) Current Team Name % Correct
Atlanta Flames (1980)Calgary Flames
53.7%
Hartford Whalers (1997)Carolina Hurricanes
48.2%
Quebec Nordiques (1995)Colorado Avalanche
46.6%
Winnipeg Jets (1996)Arizona Coyotes
43.5%
Washington Senators (1972)Texas Rangers
31%
Washington Senators (1961)Minnesota Twins
26.2%
Dallas Chaparrals (1973)San Antonio Spurs
26%
Decatur Staleys (1921)Chicago Bears
25.4%
Seattle Pilots (1970)Milwaukee Brewers
24.8%
Buffalo Braves (1978)Los Angeles Clippers
24.4%
Colorado Rockies (1982)New Jersey Devils
23.5%
St. Louis Browns (1954)Baltimore Orioles
18.5%
Syracuse Nationals (1963)Philadelphia 76ers
17.2%
Portsmouth (Ohio) Spartans (1934)Detroit Lions
17%
Come Together.
Have Fun.
All Virtual.
We all need to come together. Play Sporcle's virtual live trivia to have fun, connect with people, and get your trivia on. Join a live hosted trivia game for your favorite pub trivia experience done virtually. If a virtual private party is more your thing, go here for details.

You're not logged in!

Compare scores with friends on all Sporcle quizzes.
OR
Log In

Sporcle TV

Today on Sporcle TV


Watch our educational content, quiz creation guides, and fun videos on Sporcle TV.

Show Comments

Extras

Top Quizzes Today


Score Distribution

Paid Content

Your Account Isn't Verified!

In order to create a playlist on Sporcle, you need to verify the email address you used during registration. Go to your Sporcle Settings to finish the process.

Report this User

Report this user for behavior that violates our Community Guidelines.

Details: